000 00697pam a2200241 a 4500
001 2141885
005 20251129144856.0
008 980402s1999 caua 001 0 eng
020 _a0201180707
020 _a9780201180701
050 0 0 _aTA351
_b.B43 1998
082 0 0 _a620.1/03
_221
100 1 _aBedford, A.
245 1 0 _aEngineering mechanics :
_bstatics /
_cAnthony Bedford, Wallace L. Fowler.
250 _a2nd ed.
260 _aMenlo Park, Calif. :
_bAddison-Wesley,
_cc1999.
300 _axx, 600 p. :
_bill. (some col.) ;
_c27 cm.
500 _aIncludes index.
650 0 _aStatics.
650 0 _aMechanics, Applied.
700 1 _aFowler, Wallace T.
942 _2lcc
_cBK
_e2nd ed.
_n0
999 _c8445
_d8445